LDR 00886naa#a2200181#i#450# 001 RU\FGKOU VO SPBU MVD ROSSII\bibl\103639 005 20260701150051.3 011 ## _a2071-8284 100 ## _a20260630b2026####ek#y0rusy0150####ca 101 0# _aRUS 102 ## _aRU 200 1# _aО неоднозначном понимании общественной опасности преступного посягательства _eЖурнальная статья 210 1# _aСанкт-Петербург _cСАНКТ-ПЕТЕРБУРГСКИЙ УНИВЕРСИТЕТ МИНИСТЕРСТВА ВНУТРЕННИХ ДЕЛ РОССИЙСКОЙ ФЕДЕРАЦИИ _d2026 215 ## _a6 с. 608 ## _aЖурнальная статья _2local 675 ## _aОбщая часть уголовного права. 343.2 _zRUS 700 #1 _aВекленко _gСергей Владимирович 856 4# _aepinb.ru _u